| 000 | 01529nam a2200385Ii 4500 | ||
|---|---|---|---|
| 001 | DIGTEBAR0055 | ||
| 003 | NyNyDIG | ||
| 008 | 140701s2007 sp ob 000 0 spa d | ||
| 006 | m o d | ||
| 007 | cr ||||||||||| | ||
| 020 |
_a9788473604192 _q(eBook) |
||
| 020 | _z9788473602525 | ||
| 020 | _z8473602528 | ||
| 035 | _a(OCoLC)849455877 | ||
| 040 |
_aDGITA _beng _erda _epn _cDGITA |
||
| 050 | 1 | 4 | _aTA166 eBook |
| 100 | 1 |
_aBarba Morán, Manuel Carlos, _eauthor. |
|
| 245 | 1 | 3 |
_aEl dictamen pericial en ergonomía y psicosociología aplicada : _bmanual para la formación del perito / _cManuel Carlos Barba Morán. |
| 250 | _aSegunda edición. | ||
| 264 | 1 |
_aMadrid : _bEditorial Tébar, _c2007. |
|
| 300 |
_a1 online resource (129 pages) : _billustrations |
||
| 336 |
_atext _btxt _2rdacontent |
||
| 337 |
_acomputer _bc _2rdamedia |
||
| 338 |
_aonline resource _bcr _2rdacarrier |
||
| 588 | 0 | _aOnline resource; title from ePub and PDF title page (Digitalia, viewed June 2, 2014) | |
| 650 | 0 | _aHuman engineering. | |
| 650 | 0 | _aErgonomics. | |
| 655 | 0 | _aElectronic books. | |
| 776 | 0 | 8 |
_iPrint version: _aBarba Morán, Manuel Carlos. _tDictamen pericial en ergonomía y psicosociología aplicada. _dMadrid : Editorial Tébar, c2007 _z9788473602525 _w(OCoLC)228414147 |
| 793 | 0 |
_gDigitalia eBook Collection: _aEditorial Tébar. |
|
| 791 | 2 |
_aDigitalia (Firm) _epublisher. |
|
| 856 | 4 | 0 |
_3Digitalia Hispánica _uhttps://www.digitaliapublishing.com/a/12958/ |
| 910 | _aPremium Collection: 2013 | ||
| 942 | _cRAA | ||
| 999 |
_c232711 _d232711 |
||